|
|
|
|
| LEADER |
00000nab a2200000 a 4500 |
| 001 |
vtls000775281 |
| 003 |
SK-MaSNL |
| 005 |
20260302154210.0 |
| 008 |
160405c2001 xo 0 slo |
| 015 |
|
|
|a SNBRB2001/11-34230
|
| 035 |
|
|
|a CLN000127068
|
| 040 |
|
|
|a SNKBUCL
|b slo
|c SNKBUCL
|e AACR2
|
| 041 |
0 |
|
|a slo
|
| 044 |
|
|
|a xo
|c SK
|
| 080 |
|
|
|a 636.2.053.084/.085:619
|2 1997
|
| 080 |
|
|
|a 636.084/.085
|2 1997
|
| 080 |
|
|
|a 619:636.2.053
|2 1997
|
| 100 |
1 |
|
|a Brouček, Jan
|4 aut
|9 7764
|
| 245 |
1 |
0 |
|a Abnormálne správanie teliat možno tlmiť aj vhodným kŕmením
|c Jan Brouček, Peter Kišac
|
| 300 |
|
|
|b Fotogr.
|
| 650 |
0 |
7 |
|a teľatá
|x správanie abnormálne
|x cicanie
|x výživa
|x kŕmenie
|x vplyvy
|2 snkbucl
|9 850502
|
| 650 |
0 |
7 |
|a výživa
|x teľatá
|2 snkbucl
|9 850503
|
| 650 |
0 |
7 |
|a kŕmenie
|2 snkbucl
|9 532510
|
| 650 |
0 |
7 |
|a cicanie
|2 snkbucl
|9 850504
|
| 655 |
|
7 |
|a články z novín a časopisov
|2 snkbucl
|9 267496
|
| 700 |
1 |
|
|a Kišac, Peter
|4 aut
|9 20413
|
| 773 |
0 |
|
|t Roľnícke noviny
|g Č. 197 (11.10.2001)
|
| 773 |
0 |
|
|t [Príl.] Výživa hospodárskych zvierat
|g S. 1-2
|
| 850 |
|
|
|a Slovenská národná knižnica v Martine
|
| 852 |
|
|
|a SNK
|b KIS3GCP
|
| 958 |
|
|
|a MI
|
| 958 |
|
|
|a RBX
|
| 999 |
|
|
|c 1367770
|d 1369700
|